000 00429nam a22001697a 4500
005 20251108171822.0
008 250721s1984 xx 000 0 ara d
082 1 4 _aط/630/زرا
245 1 0 _aالزراعة المنزلية /
250 _aط2
264 1 _aجنيف :
_bميدليفانت،
_c1984.
300 _a32ص
490 0 _aإعمل بنفسك
650 1 7 _aالزراعة
942 _2ddc
_cBK
999 _c63404
_d63404